[Event "Oberliga Nord O 2122"]
[Site "Germany"]
[Date "2021.11.21"]
[Round "2.4"]
[White "Schoene, Ralf"]
[Black "Wintzer, Joachim"]
[Result "1/2-1/2"]
[WhiteElo "2259"]
[BlackElo "2274"]
[PlyCount "127"]
[EventDate "2021.10.31"]
[EventType "team-tourn"]
[EventRounds "9"]
[EventCountry "GER"]
[SourceTitle "EXT 2023"]
[Source "ChessBase"]
[SourceDate "2022.10.05"]
[SourceVersion "1"]
[SourceVersionDate "2022.10.05"]
[SourceQuality "1"]
[WhiteTeam "Potsdam Empor"]
[BlackTeam "Berlin SF III"]
[WhiteTeamCountry "GER"]
[BlackTeamCountry "GER"]

1. d4 e6 2. c4 Nf6 3. Nc3 Bb4 4. e3 0-0 5. Nge2 c6 6. a3 Ba5 7. g3 d5 8. b4 Bc7 9. cxd5 cxd5 10. Bg2 Nc6 11. 0-0 Re8 12. Nf4 a6 13. Bb2 Ne7 14. Nd3 Nf5 15. Qe2 Re7 16. Ne5 Bd7 17. Rfd1 Nd6 18. f3 Be8 19. e4 Nb5 20. Nxb5 Bxb5 21. Qe3 Bb6 22. a4 Be8 23. h3 Rc8 24. a5 Ba7 25. Rac1 Rec7 26. Nd3 Rxc1 27. Rxc1 Rxc1+ 28. Nxc1 b6 29. e5 Nd7 30. Bc3 Qb8 31. Kh2 bxa5 32. bxa5 Qb5 33. Ne2 Nb8 34. f4 Qb1 35. g4 Bb5 36. Ng3 Nc6 37. f5 h6 38. g5 Qd3 39. Qc1 h5 40. g6 h4 41. gxf7+ Kxf7 42. fxe6+ Kg6 43. Nf1 Bxd4 44. Bxd4 Qxd4 45. Ne3 Qxe5+ 46. Kh1 Ne7 47. Qc2+ Kg5 48. Qc5 Qxe6 49. Qd4 Qf6 50. Qc5 Qa1+ 51. Kh2 Qe5+ 52. Kh1 g6 53. Ng4 Qe1+ 54. Kh2 Bc4 55. Qd4 Qg3+ 56. Kh1 Qd6 57. Qe3+ Kf5 58. Nh6+ Kf6 59. Qd4+ Ke6 60. Qg4+ Kf6 61. Qd4+ Ke6 62. Qg4+ Kf6 63. Qd4+ Ke6 64. Qg4+ 1/2-1/2

[Event "BL2-Nord 1920"]
[Site "Germany"]
[Date "2021.08.07"]
[Round "9.5"]
[White "Joachim, Sven"]
[Black "Schoene, Ralf"]
[Result "1/2-1/2"]
[WhiteElo "2384"]
[BlackElo "2262"]
[PlyCount "71"]
[EventDate "2019.10.19"]
[EventType "team-tourn"]
[EventRounds "9"]
[EventCountry "GER"]
[SourceTitle "EXT 2023"]
[Source "ChessBase"]
[SourceDate "2022.10.05"]
[SourceVersion "1"]
[SourceVersionDate "2022.10.05"]
[SourceQuality "1"]
[WhiteTeam "Werder Bremen II"]
[BlackTeam "Potsdam Empor"]
[WhiteTeamCountry "GER"]
[BlackTeamCountry "GER"]

1. e4 e5 2. Nf3 Nc6 3. Nc3 Nf6 4. Be2 d6 5. d4 Be7 6. 0-0 0-0 7. d5 Nb8 8. a4 a5 9. Nd2 Na6 10. Nc4 Nc5 11. Bf3 b6 12. Re1 Ne8 13. Bg4 Bg5 14. Bxc8 Rxc8 15. Rf1 Bxc1 16. Qxc1 Nf6 17. Qe3 g6 18. f4 exf4 19. Qxf4 Nfd7 20. e5 Nxe5 21. Nxe5 dxe5 22. Qxe5 Qd7 23. Rad1 Rce8 24. Qd4 f5 25. d6 Qxd6 26. Qxd6 cxd6 27. Rxd6 Ne4 28. Nxe4 Rxe4 29. Rfd1 Re2 30. R1d2 Rxd2 31. Rxd2 Kg7 32. Kf2 g5 33. Rd5 Kg6 34. c3 Rf6 35. b4 Rc6 36. bxa5 1/2-1/2

[Event "BL2-Nord 1920"]
[Site "Germany"]
[Date "2019.12.07"]
[Round "5.5"]
[White "Schoene, Ralf"]
[Black "Luch, Michal"]
[Result "0-1"]
[WhiteElo "2262"]
[BlackElo "2399"]
[PlyCount "66"]
[EventDate "2019.10.19"]
[EventType "team-tourn"]
[EventRounds "9"]
[EventCountry "GER"]
[SourceTitle "CBM 194 Extra"]
[Source "ChessBase"]
[SourceDate "2020.03.31"]
[SourceVersion "1"]
[SourceVersionDate "2020.03.31"]
[SourceQuality "1"]
[WhiteTeam "Potsdam Empor"]
[BlackTeam "Zehlendorf"]
[WhiteTeamCountry "GER"]
[BlackTeamCountry "GER"]

1. d4 Nf6 2. c4 e6 3. Nc3 Bb4 4. e3 0-0 5. Nge2 Re8 6. a3 Bf8 7. g3 d5 8. cxd5 exd5 9. Bg2 c6 10. 0-0 Bf5 11. f3 h6 12. g4 Bh7 13. Ng3 Bd6 14. f4 Ne4 15. Ncxe4 Bxe4 16. Nxe4 dxe4 17. b3 Na6 18. Ra2 Nc7 19. g5 hxg5 20. f5 Qf6 21. Qg4 Nd5 22. Rc2 Bxa3 23. Bxa3 Nxe3 24. Qe2 Nxc2 25. Qxc2 Qxd4+ 26. Kh1 e3 27. Qe2 Rad8 28. Bf3 Qd3 29. Bb4 Qxb3 30. Be1 Re5 31. Bg4 Qd3 32. Kg1 Re4 33. Qf3 e2 0-1

[Event "Oberliga Nord O 1819"]
[Site "Germany"]
[Date "2019.04.07"]
[Round "9.4"]
[White "Schoene, Ralf"]
[Black "Luther, Alexander"]
[Result "1-0"]
[WhiteElo "2249"]
[BlackElo "2017"]
[PlyCount "91"]
[EventDate "2018.10.21"]
[EventType "team-tourn"]
[EventRounds "9"]
[EventCountry "GER"]
[SourceTitle "EXT 2020"]
[Source "ChessBase"]
[SourceDate "2019.10.17"]
[SourceVersion "1"]
[SourceVersionDate "2019.10.17"]
[SourceQuality "1"]
[WhiteTeam "Potsdam Empor"]
[BlackTeam "Guestrow/Teterow"]
[WhiteTeamCountry "GER"]
[BlackTeamCountry "GER"]

1. d4 Nf6 2. c4 e6 3. Nc3 d5 4. Bg5 Be7 5. e3 0-0 6. Nf3 h6 7. Bh4 b6 8. Be2 Bb7 9. Bxf6 Bxf6 10. cxd5 exd5 11. b4 c6 12. 0-0 Qd6 13. Qb3 Nd7 14. Rfd1 Rfe8 15. Rab1 a5 16. bxa5 Rxa5 17. a4 c5 18. Bb5 Rd8 19. Bxd7 Rxd7 20. Qxb6 Qxb6 21. Rxb6 Ba6 22. h3 Bc4 23. Rdb1 Bd3 24. Rb8+ Kh7 25. R1b7 Rxb7 26. Rxb7 cxd4 27. exd4 Bc2 28. Rb5 Bd8 29. Rb7 Bf6 30. Rb5 Bd8 31. Ne5 Rxb5 32. axb5 Kg8 33. Nxd5 Be4 34. Nc3 Bb7 35. Nc6 Bb6 36. Na4 Bxc6 37. bxc6 Bc7 38. d5 Kf8 39. Nb2 Ke7 40. Nc4 Bb8 41. Kf1 f5 42. Ke2 g5 43. f3 h5 44. g4 fxg4 45. fxg4 hxg4 46. hxg4 1-0

[Event "WchT Seniors 50"]
[Site "Dresden"]
[Date "2018.07.15"]
[Round "9.5"]
[White "Schoene, Ralf"]
[Black "Denk, Adolf"]
[Result "1/2-1/2"]
[WhiteElo "2256"]
[BlackElo "2262"]
[PlyCount "138"]
[EventDate "2018.07.07"]
[EventType "team-swiss"]
[EventRounds "9"]
[EventCountry "GER"]
[SourceTitle "CBM 185 Extra"]
[Source "ChessBase"]
[SourceDate "2018.07.29"]
[SourceVersion "1"]
[SourceVersionDate "2018.07.29"]
[SourceQuality "1"]
[WhiteTeam "Potsdam Empor"]
[BlackTeam "Austria"]
[WhiteTeamCountry "GER"]
[BlackTeamCountry "AUT"]

1. d4 Nf6 2. c4 b6 3. Nc3 Bb7 4. f3 e6 5. e4 d5 6. cxd5 exd5 7. e5 Nfd7 8. Be3 c6 9. f4 Na6 10. Nf3 Nc7 11. Be2 Be7 12. 0-0 Nf8 13. Kh1 Qd7 14. a3 g6 15. b4 Nfe6 16. f5 gxf5 17. Bd3 f4 18. Bd2 0-0-0 19. Bf5 Kb8 20. Bxf4 Rdg8 21. Bh6 Qd8 22. Qd2 Bf8 23. Rf2 Bxh6 24. Qxh6 Rg7 25. Ne2 Rhg8 26. Ng3 Rg6 27. Bxg6 hxg6 28. Qd2 Rh8 29. Kg1 Qe7 30. h3 Rd8 31. Ne2 Rh8 32. Nf4 Ng7 33. Ne2 Nge6 34. Ng3 Rd8 35. Nf1 Rh8 36. N1h2 Rd8 37. Ng4 Ba6 38. Nf6 Ka8 39. Rc1 Bb7 40. Ng5 Nxg5 41. Qxg5 Ne6 42. Qd2 Rc8 43. Rcf1 Ba6 44. Re1 Bb7 45. a4 Ba6 46. Ra1 Bc4 47. a5 bxa5 48. bxa5 Rb8 49. Ng4 Ng5 50. Qf4 Ne4 51. Qxf7 Qb4 52. Qxg6 Bb5 53. Rd1 Qb3 54. Rc1 Qd3 55. Rxc6 Qxd4 56. Rcf6 Nxf2 57. Rxf2 Rf8 58. Qd6 Rxf2 59. Nxf2 Qd2 60. Qf8+ Kb7 61. Qf5 Qxa5 62. e6 Qe1+ 63. Kh2 Kc6 64. Qf6 a5 65. Ng4 a4 66. Ne5+ Kd6 67. e7+ Kc5 68. Qe6 Qe4 69. e8Q Qf4+ 1/2-1/2

[Event "Oberliga Nord O 1718"]
[Site "Germany"]
[Date "2018.03.18"]
[Round "8.1"]
[White "Mueller, Nick"]
[Black "Schoene, Ralf"]
[Result "1-0"]
[WhiteElo "2310"]
[BlackElo "2260"]
[PlyCount "137"]
[EventDate "2017.10.08"]
[EventType "team-tourn"]
[EventRounds "9"]
[EventCountry "GER"]
[SourceTitle "EXT 2019"]
[Source "ChessBase"]
[SourceDate "2018.10.10"]
[SourceVersion "1"]
[SourceVersionDate "2018.10.10"]
[SourceQuality "1"]
[WhiteTeam "Greifswald"]
[BlackTeam "Neuruppin"]
[WhiteTeamCountry "GER"]
[BlackTeamCountry "GER"]

1. e4 e5 2. Nf3 Nc6 3. Bc4 Bc5 4. c3 Nf6 5. d3 a6 6. 0-0 Ba7 7. Re1 d6 8. a4 h6 9. Nbd2 0-0 10. h3 Nh5 11. Nf1 Nf4 12. Bxf4 exf4 13. d4 Ne7 14. Qd2 g5 15. e5 d5 16. Bd3 Be6 17. N1h2 Kg7 18. Ng4 Rh8 19. Nf6 Ng8 20. Nh5+ Kf8 21. Nh2 c5 22. dxc5 Bxc5 23. Ng4 Qc8 24. Qe2 Ne7 25. Rad1 a5 26. Kh2 Qc6 27. Qc2 Qb6 28. Rf1 Nc6 29. Bf5 Ne7 30. Bxe6 Qxe6 31. Ngf6 Rd8 32. Qe2 Bd6 33. Rfe1 Bc7 34. Qb5 Qc6 35. Qb3 Qb6 36. Qc2 Qe6 37. Qb3 b6 38. Qa3 Bxe5 39. Ng4 Bd6 40. Rxe6 Bxa3 41. Rxb6 Bd6 42. Ngf6 f3+ 43. Kg1 Be5 44. gxf3 Bxf6 45. Nxf6 Kg7 46. Nh5+ Kh7 47. Rb7 Ng8 48. Ng3 Kg6 49. Ra7 Nf6 50. Rxa5 h5 51. Ra6 Ra8 52. Rxa8 Rxa8 53. Ra1 h4 54. Ne2 Kf5 55. a5 Ke5 56. b4 Kd6 57. Nd4 Nd7 58. Ra3 Ne5 59. Kg2 Nd3 60. b5 Nc5 61. f4 gxf4 62. Kf3 Nd3 63. b6 Ne5+ 64. Kxf4 Nd7 65. Kg4 Kc5 66. Kxh4 Kc4 67. Kg5 Nc5 68. f3 Ra6 69. h4 1-0

[Event "Oberliga Nord O 1718"]
[Site "Germany"]
[Date "2018.02.25"]
[Round "7.1"]
[White "Schoene, Ralf"]
[Black "Berger, Steve"]
[Result "0-1"]
[WhiteElo "2260"]
[BlackElo "2432"]
[PlyCount "124"]
[EventDate "2017.10.08"]
[EventType "team-tourn"]
[EventRounds "9"]
[EventCountry "GER"]
[SourceTitle "EXT 2019"]
[Source "ChessBase"]
[SourceDate "2018.10.10"]
[SourceVersion "1"]
[SourceVersionDate "2018.10.10"]
[SourceQuality "1"]
[WhiteTeam "Neuruppin"]
[BlackTeam "Berlin Tegel II"]
[WhiteTeamCountry "GER"]
[BlackTeamCountry "GER"]

1. d4 e6 2. c4 Nf6 3. Nc3 Bb4 4. e3 0-0 5. Nge2 d5 6. a3 Be7 7. cxd5 exd5 8. g3 Re8 9. Bg2 a5 10. 0-0 Na6 11. Nf4 c6 12. Nd3 Bf5 13. Ne5 Qc8 14. Bd2 Nc7 15. Rc1 Bh3 16. Na4 Ra6 17. Nc5 Bxc5 18. Rxc5 Bxg2 19. Kxg2 Qa8 20. f3 Ne6 21. Rc2 a4 22. Bb4 Qc8 23. h4 Nd7 24. Nxd7 Qxd7 25. Qd3 Nc7 26. Rcf2 Na8 27. e4 Nb6 28. e5 Nc4 29. f4 Qf5 30. Qxf5 Ne3+ 31. Kh3 Nxf5 32. Rd1 h5 33. Rd3 g6 34. Rc2 Kg7 35. Bc5 Ra5 36. Bb4 Rb5 37. Rc5 Rc8 38. Rxb5 cxb5 39. Rc3 Rc6 40. Rc5 Rxc5 41. Bxc5 Ne3 42. Bb4 Nd1 43. Bc3 b4 44. Bxb4 Nxb2 45. Kg2 Nd3 46. Bc3 Kf8 47. Kf3 Ke7 48. Ke3 Nc1 49. Bb2 Nb3 50. f5 gxf5 51. Kf4 Ke6 52. Kg5 Nd2 53. Kxh5 Ne4 54. Bc1 Nxg3+ 55. Kg5 Ke7 56. h5 Kf8 57. h6 Kg8 58. Kf6 f4 59. Bxf4 Nh5+ 60. Kf5 Nxf4 61. Kxf4 b5 62. Kf5 b4 0-1

[Event "Oberliga Nord O 1718"]
[Site "Germany"]
[Date "2018.02.04"]
[Round "6.1"]
[White "Rietze, Clemens"]
[Black "Schoene, Ralf"]
[Result "1-0"]
[WhiteElo "2345"]
[BlackElo "2260"]
[PlyCount "104"]
[EventDate "2017.10.08"]
[EventType "team-tourn"]
[EventRounds "9"]
[EventCountry "GER"]
[SourceTitle "EXT 2019"]
[Source "ChessBase"]
[SourceDate "2018.10.10"]
[SourceVersion "1"]
[SourceVersionDate "2018.10.10"]
[SourceQuality "1"]
[WhiteTeam "Berlin Rotation"]
[BlackTeam "Neuruppin"]
[WhiteTeamCountry "GER"]
[BlackTeamCountry "GER"]

1. d4 Nf6 2. c4 g6 3. Nc3 Bg7 4. e4 d6 5. f3 0-0 6. Be3 c6 7. Bd3 a6 8. a4 a5 9. Qd2 e5 10. Nge2 Na6 11. Rd1 Qe7 12. 0-0 Nb4 13. Bb1 Kh8 14. Kh1 Ng8 15. Ng3 Be6 16. b3 c5 17. dxc5 dxc5 18. Qd6 Rfc8 19. Qxe7 Nxe7 20. Nd5 Nexd5 21. exd5 Bd7 22. Ne4 b6 23. Bg5 f5 24. Nf6 Ra7 25. g4 Rf8 26. Nxd7 Rxd7 27. gxf5 gxf5 28. Rfe1 Rff7 29. Bc1 Rd8 30. Bb2 Re8 31. Re2 e4 32. Bxg7+ Kxg7 33. fxe4 fxe4 34. Rxe4 Rxe4 35. Bxe4 Re7 36. Bf5 Rf7 37. Be6 Rf6 38. Rg1+ Rg6 39. Rf1 Rf6 40. Bf5 h6 41. Kg2 Kf8 42. Rf3 Ke7 43. Kg3 Kd6 44. Kg4 Rf7 45. h4 Ke5 46. Re3+ Kd4 47. Re6 Kc3 48. Rxb6 Kxb3 49. d6 Rf8 50. d7 Kxc4 51. Rxh6 Kd5 52. Re6 Rd8 1-0

[Event "Oberliga Nord O 1617"]
[Site "Germany"]
[Date "2017.01.15"]
[Round "4.4"]
[White "Schoene, Ralf"]
[Black "Postler, Reinhard"]
[Result "0-1"]
[WhiteElo "2280"]
[BlackElo "2248"]
[PlyCount "146"]
[EventDate "2016.10.16"]
[EventType "team-tourn"]
[EventRounds "9"]
[EventCountry "GER"]
[SourceTitle "EXT 2018"]
[Source "ChessBase"]
[SourceDate "2017.10.13"]
[SourceVersion "1"]
[SourceVersionDate "2017.10.13"]
[SourceQuality "1"]
[WhiteTeam "Neuruppin"]
[BlackTeam "Oberschoeneweide"]
[WhiteTeamCountry "GER"]
[BlackTeamCountry "GER"]

1. d4 d5 2. c4 c6 3. e3 Nf6 4. Nc3 e6 5. Nf3 Nbd7 6. Qc2 Bd6 7. Bd2 0-0 8. h3 Qe7 9. 0-0-0 dxc4 10. Bxc4 b5 11. Bd3 b4 12. Ne4 Nxe4 13. Bxe4 Nf6 14. Bd3 Rb8 15. e4 e5 16. dxe5 Bxe5 17. Nxe5 Qxe5 18. f4 Qa5 19. Kb1 Ba6 20. Bc4 Rfe8 21. Bxa6 Qxa6 22. Rhe1 c5 23. e5 Nd5 24. Qxc5 b3 25. axb3 Qg6+ 26. Ka2 Qxg2 27. Ba5 Nxf4 28. b4 Qxh3 29. Re3 Qg2 30. Rc3 h5 31. e6 Qg6 32. exf7+ Qxf7+ 33. Ka3 Ne2 34. Rcd3 Rbc8 35. Qg5 Nf4 36. Rf3 Re4 37. Qb5 Rce8 38. Qc5 Rc4 39. Qd6 Re6 40. Qb8+ Re8 41. Qd6 Rce4 42. Qc5 Rc4 43. Qd6 Re6 44. Qb8+ Re8 45. Qd6 Qe6 46. Qxe6+ Rxe6 47. Rd8+ Kh7 48. Rd7 a6 49. Bc7 Ree4 50. Rf7 Nd5 51. Bd6 Rc6 52. Bf8 Rg6 53. Bc5 Rf6 54. R7xf6 Nxf6 55. Ka4 Re6 56. b5 axb5+ 57. Kxb5 g5 58. b4 g4 59. Rd3 h4 60. Bf2 h3 61. Bg3 Ne4 62. Bh2 Rg6 63. Rd7+ Rg7 64. Rd4 g3 65. Bxg3 Nc3+ 66. Kc4 Rxg3 67. b5 Nxb5 68. Kxb5 Kg6 69. Kc4 Kg5 70. Rd8 Rg4+ 71. Kd3 h2 72. Rg8+ Kf4 73. Rh8 Kg3 0-1

[Event "Oberliga Nord O 1516"]
[Site "Germany"]
[Date "2016.04.10"]
[Round "9.3"]
[White "Schoene, Ralf"]
[Black "Nogly, Christoph"]
[Result "1-0"]
[WhiteElo "2284"]
[BlackElo "2250"]
[PlyCount "71"]
[EventDate "2015.09.20"]
[EventType "team-tourn"]
[EventRounds "9"]
[EventCountry "GER"]
[SourceTitle "EXT 2017"]
[Source "ChessBase"]
[SourceDate "2016.10.25"]
[SourceVersion "1"]
[SourceVersionDate "2016.10.25"]
[SourceQuality "1"]
[WhiteTeam "Neuruppin"]
[BlackTeam "Berlin SF"]
[WhiteTeamCountry "GER"]
[BlackTeamCountry "GER"]

1. d4 Nf6 2. c4 e6 3. Nc3 d5 4. Bg5 Nbd7 5. e3 h6 6. Bh4 Be7 7. Qc2 0-0 8. 0-0-0 b6 9. cxd5 exd5 10. Bd3 Bb7 11. Nf3 Re8 12. Kb1 a6 13. Bxf6 Nxf6 14. Ne5 c5 15. f4 b5 16. g4 b4 17. g5 bxc3 18. gxf6 Bxf6 19. Qxc3 Qe7 20. Bc2 c4 21. Rhg1 a5 22. Rg2 Ra6 23. Rdg1 Qb4 24. a3 Qxc3 25. bxc3 Ree6 26. Ka2 Bc8 27. Bf5 Re8 28. Bxc8 Rxc8 29. Rb1 Bxe5 30. dxe5 f6 31. Rb7 g5 32. h4 fxe5 33. f5 Rf6 34. hxg5 Rxf5 35. gxh6+ Kh8 36. Rgg7 1-0

[Event "Oberliga Nord O 1516"]
[Site "Germany"]
[Date "2016.02.22"]
[Round "7.4"]
[White "Kiesekamp, Marcos"]
[Black "Schoene, Ralf"]
[Result "1/2-1/2"]
[WhiteElo "2321"]
[BlackElo "2284"]
[PlyCount "93"]
[EventDate "2015.09.20"]
[EventType "team-tourn"]
[EventRounds "9"]
[EventCountry "GER"]
[SourceTitle "EXT 2017"]
[Source "ChessBase"]
[SourceDate "2016.10.25"]
[SourceVersion "1"]
[SourceVersionDate "2016.10.25"]
[SourceQuality "1"]
[WhiteTeam "Makkabi Berlin"]
[BlackTeam "Neuruppin"]
[WhiteTeamCountry "GER"]
[BlackTeamCountry "GER"]

1. e4 e5 2. Nf3 Nc6 3. Bb5 Nf6 4. d3 Bc5 5. 0-0 d6 6. c3 0-0 7. Nbd2 a6 8. Ba4 h6 9. h3 Ba7 10. Re1 Nh5 11. Nf1 Qf6 12. Be3 Nf4 13. d4 Nd8 14. Ng3 g6 15. Kh2 Nde6 16. Ne2 Nxh3 17. Nxe5 Nxf2 18. Bxf2 dxe5 19. Rf1 Qg5 20. Qe1 c6 21. Rd1 Ng7 22. Rd3 Bg4 23. Kg1 Bxe2 24. Qxe2 exd4 25. cxd4 Nh5 26. Qf3 Qf6 27. Bb3 Rad8 28. e5 Qxf3 29. Rxf3 Ng7 30. Rf6 Ne6 31. Bxe6 fxe6 32. Rxg6+ Kh7 33. Rxe6 Bxd4 34. Bxd4 Rxf1+ 35. Kxf1 Rxd4 36. Ke2 Rb4 37. Kd3 Rxb2 38. Rf6 Rxg2 39. e6 Rg1 40. Kd4 Re1 41. Kc5 Kg7 42. Rf7+ Kg6 43. Kd6 b5 44. Rf8 Rd1+ 45. Kxc6 Rc1+ 46. Kd7 Rd1+ 47. Kc6 1/2-1/2

[Event "Oberliga Nord O 1516"]
[Site "Germany"]
[Date "2016.01.17"]
[Round "5.3"]
[White "Schoene, Ralf"]
[Black "Hellmann, Norbert"]
[Result "1-0"]
[WhiteElo "2284"]
[BlackElo "2137"]
[PlyCount "43"]
[EventDate "2015.09.20"]
[EventType "team-tourn"]
[EventRounds "9"]
[EventCountry "GER"]
[SourceTitle "CBM 170 Extra"]
[Source "ChessBase"]
[SourceDate "2016.02.25"]
[SourceVersion "1"]
[SourceVersionDate "2016.02.25"]
[SourceQuality "1"]
[WhiteTeam "Neuruppin"]
[BlackTeam "Fuerstenwalde"]
[WhiteTeamCountry "GER"]
[BlackTeamCountry "GER"]

1. d4 d6 2. Nf3 g6 3. g3 Nf6 4. Bg2 Bg7 5. 0-0 0-0 6. c4 c5 7. d5 b5 8. cxb5 a6 9. b6 Bb7 10. Nc3 Nbd7 11. e4 Qxb6 12. h3 Rfe8 13. Qc2 e6 14. Nd2 Qc7 15. dxe6 Rxe6 16. Nc4 Rae8 17. Bf4 Nb6 18. Nxd6 Rxd6 19. Bxd6 Qxd6 20. e5 Qc7 21. exf6 Bxf6 22. Rfe1 1-0

[Event "Oberliga Nord O 1516"]
[Site "Germany"]
[Date "2015.12.13"]
[Round "4.3"]
[White "Kachibadze, Georg"]
[Black "Schoene, Ralf"]
[Result "1/2-1/2"]
[WhiteElo "2295"]
[BlackElo "2284"]
[PlyCount "135"]
[EventDate "2015.09.20"]
[EventType "team-tourn"]
[EventRounds "9"]
[EventCountry "GER"]
[SourceTitle "CBM 170 Extra"]
[Source "ChessBase"]
[SourceDate "2016.02.25"]
[SourceVersion "1"]
[SourceVersionDate "2016.02.25"]
[SourceQuality "1"]
[WhiteTeam "Koenig Tegel"]
[BlackTeam "Neuruppin"]
[WhiteTeamCountry "GER"]
[BlackTeamCountry "GER"]

1. e4 e5 2. Nf3 Nc6 3. Bc4 Bc5 4. c3 Nf6 5. d3 d6 6. 0-0 0-0 7. Bb3 a6 8. Nbd2 Ba7 9. h3 Ne7 10. Re1 Ng6 11. Nf1 h6 12. Be3 c6 13. Kh2 Re8 14. Ng1 d5 15. Bxa7 Rxa7 16. Qf3 Be6 17. g3 Qb6 18. c4 dxe4 19. dxe4 a5 20. Rac1 Qc5 21. Ne3 Raa8 22. Nd5 a4 23. Nxf6+ gxf6 24. Bc2 Kg7 25. Ne2 Qxc4 26. b3 Qb4 27. bxa4 b5 28. Qc3 Qxc3 29. Nxc3 b4 30. Nd1 Bxa2 31. Nb2 Red8 32. Bd3 Rd6 33. Rc5 Rad8 34. Re3 Nf8 35. Rc1 Ne6 36. Kg2 c5 37. a5 Ra8 38. a6 Raxa6 39. Bxa6 Rxa6 40. Nd3 Ra5 41. f4 exf4 42. gxf4 b3 43. Kg3 f5 44. Nb2 Nd4 45. e5 Rb5 46. Kf2 Ne6 47. Rg3+ Kf8 48. Ke3 Rb4 49. Rc4 Rb8 50. Kd2 Rd8+ 51. Rd3 Rxd3+ 52. Kxd3 Bb1+ 53. Kc3 Be4 54. Nd3 b2 55. Nxb2 Nxf4 56. Rxc5 Nxh3 57. Kd4 Ng5 58. Rc8+ Kg7 59. Ke3 h5 60. Kf4 Ne6+ 61. Kg3 Nf8 62. Nd1 Ng6 63. Nf2 f4+ 64. Kh2 Bf5 65. Rc4 Kf8 66. Nh3 Bxh3 67. Kxh3 Ke7 68. Rc6 1/2-1/2

[Event "Oberliga Nord O 1516"]
[Site "Germany"]
[Date "2015.09.20"]
[Round "1.3"]
[White "Bartolomaeus, Christian"]
[Black "Schoene, Ralf"]
[Result "1-0"]
[WhiteElo "2253"]
[BlackElo "2297"]
[PlyCount "77"]
[EventDate "2015.09.20"]
[EventType "team-tourn"]
[EventRounds "9"]
[EventCountry "GER"]
[SourceTitle "CBM 170 Extra"]
[Source "ChessBase"]
[SourceDate "2016.02.25"]
[SourceVersion "1"]
[SourceVersionDate "2016.02.25"]
[SourceQuality "1"]
[WhiteTeam "Greifswald"]
[BlackTeam "Neuruppin"]
[WhiteTeamCountry "GER"]
[BlackTeamCountry "GER"]

1. c4 Nf6 2. Nc3 g6 3. g3 Bg7 4. Bg2 d6 5. d3 0-0 6. e3 c6 7. Nge2 a5 8. 0-0 Na6 9. Rb1 e5 10. a3 Ne8 11. b4 Nac7 12. b5 c5 13. Bd2 Kh8 14. b6 Ne6 15. Nd5 Nf6 16. Nec3 h5 17. Nxf6 Bxf6 18. Nd5 Bg7 19. f4 f5 20. Bc3 a4 21. Qd2 Bd7 22. Qb2 Qb8 23. e4 Nd4 24. Nc7 exf4 25. Nxa8 Qxa8 26. gxf4 Qd8 27. e5 dxe5 28. Bxd4 cxd4 29. Bxb7 exf4 30. Qg2 g5 31. Bd5 g4 32. Rxf4 Be5 33. Qd2 Qb8 34. Rxg4 Kh7 35. Rh4 Be8 36. Qg5 Bg7 37. Kh1 Bh6 38. Qe7+ Kh8 39. Qc7 1-0

[Event "Oberliga Nord O 1415"]
[Site "Germany"]
[Date "2014.11.09"]
[Round "3.4"]
[White "Heerde, Thomas"]
[Black "Schoene, Ralf"]
[Result "0-1"]
[WhiteElo "2074"]
[BlackElo "2318"]
[PlyCount "112"]
[EventDate "2014.09.21"]
[EventType "team-tourn"]
[EventRounds "9"]
[EventCountry "GER"]
[SourceTitle "EXT 2016"]
[Source "ChessBase"]
[SourceDate "2015.10.08"]
[SourceVersion "1"]
[SourceVersionDate "2015.10.08"]
[SourceQuality "1"]
[WhiteTeam "Weisse Dame"]
[BlackTeam "Neuruppin"]
[WhiteTeamCountry "GER"]
[BlackTeamCountry "GER"]

1. e4 e5 2. Nf3 Nc6 3. Bc4 Bc5 4. b4 Bxb4 5. c3 Be7 6. d4 Na5 7. Be2 d6 8. Qa4+ c6 9. dxe5 dxe5 10. Nxe5 Nf6 11. 0-0 Qc7 12. f4 0-0 13. Nd2 b6 14. Qc2 Bb7 15. Nb3 c5 16. Bf3 Nc6 17. Nxc6 Bxc6 18. c4 Rfe8 19. Bb2 Qxf4 20. Rae1 Ng4 21. g3 Qg5 22. Qe2 Ne5 23. Bg2 Bd6 24. Rf5 Qe7 25. Ref1 Bd7 26. R5f4 Be6 27. Nd2 Rad8 28. Rh4 Ng6 29. Rh5 Qd7 30. Nf3 Bg4 31. Rd5 Qe7 32. Qd2 Bxf3 33. Bxf3 Be5 34. Rd1 Rxd5 35. cxd5 Qd6 36. Bg2 Bxb2 37. Qxb2 Ne5 38. Qb5 Re7 39. Qa6 g6 40. Kh1 Rc7 41. Qb5 Kf8 42. Qb2 h5 43. a4 Kg7 44. a5 c4 45. axb6 axb6 46. Qc3 b5 47. Rb1 Rb7 48. Rb4 f6 49. Bf1 Qc5 50. Kg2 Ra7 51. Rb2 Ra3 52. Rxb5 Rxc3 53. Rxc5 Rc2+ 54. Kh3 Ng4 55. Rc7+ Kh6 56. Bg2 Nf2+ 0-1

[Event "Berlin Spring op-A"]
[Site "Berlin"]
[Date "2014.05.03"]
[Round "5"]
[White "Kreyssig, Robert"]
[Black "Schoene, Ralf"]
[Result "1/2-1/2"]
[WhiteElo "2098"]
[BlackElo "2345"]
[PlyCount "71"]
[EventDate "2014.05.01"]
[EventType "swiss"]
[EventRounds "7"]
[EventCountry "GER"]
[SourceTitle "CBM 160 Extra"]
[Source "ChessBase"]
[SourceDate "2014.07.01"]
[SourceVersion "1"]
[SourceVersionDate "2014.07.01"]
[SourceQuality "1"]

1. d4 Nf6 2. c4 g6 3. f3 d6 4. e4 Bg7 5. Nc3 0-0 6. Be3 b6 7. Qd2 c5 8. Nge2 e5 9. dxe5 dxe5 10. Rd1 Qxd2+ 11. Rxd2 Nc6 12. Nd5 Nxd5 13. cxd5 Nd4 14. Nc3 Bd7 15. Bd3 h5 16. 0-0 Kh7 17. Ne2 f6 18. Rdd1 a5 19. Nxd4 cxd4 20. Bd2 Bh6 21. Bxh6 Kxh6 22. Rc1 Rfc8 23. Rxc8 Rxc8 24. Kf2 Kg7 25. Ke2 f5 26. g3 Kf6 27. Kd2 h4 28. g4 Rg8 29. h3 Rc8 30. Rg1 fxg4 31. fxg4 Ke7 32. Rf1 Rf8 33. Rxf8 Kxf8 34. b3 b5 35. a3 Ke7 36. b4 1/2-1/2

[Event "Berlin Spring op-A"]
[Site "Berlin"]
[Date "2014.05.02"]
[Round "3"]
[White "Richter, Michael"]
[Black "Schoene, Ralf"]
[Result "1-0"]
[WhiteElo "2483"]
[BlackElo "2345"]
[PlyCount "95"]
[EventDate "2014.05.01"]
[EventType "swiss"]
[EventRounds "7"]
[EventCountry "GER"]
[SourceTitle "CBM 160 Extra"]
[Source "ChessBase"]
[SourceDate "2014.07.01"]
[SourceVersion "1"]
[SourceVersionDate "2014.07.01"]
[SourceQuality "1"]

1. d4 Nf6 2. Bg5 h6 3. Bxf6 gxf6 4. e3 d5 5. c4 c6 6. Nc3 e6 7. Bd3 Nd7 8. cxd5 cxd5 9. Nge2 f5 10. 0-0 Bg7 11. Nf4 Nf6 12. Qa4+ Bd7 13. Qb4 Bc6 14. Bb5 Qb6 15. Rfc1 Bf8 16. Qa4 Nd7 17. Bxc6 bxc6 18. Nce2 Rc8 19. Rc3 Bd6 20. Rac1 Ke7 21. Qc2 Rc7 22. Nd3 Rhc8 23. Nc5 Bxc5 24. dxc5 Qb8 25. Qa4 Qxb2 26. Qh4+ Ke8 27. Ng3 Rb8 28. Qxh6 Rb4 29. h3 Qxa2 30. Nh5 Rcb7 31. Ng7+ Ke7 32. Qg5+ Kf8 33. e4 f4 34. Nh5 Rb8 35. Qxf4 Rb3 36. Qd6+ Ke8 37. Rg3 Rxg3 38. Nf6+ Nxf6 39. Qxb8+ Ke7 40. Qd6+ Ke8 41. Qxc6+ Ke7 42. Qd6+ Ke8 43. Qb8+ Ke7 44. Qxg3 Nxe4 45. Qh4+ Kf8 46. c6 Qd2 47. Qd8+ Kg7 48. Rf1 1-0